[Event "ch-USA w 2015"]
[Site "Saint Louis USA"]
[Date "2015.04.08"]
[Round "7.5"]
[White "Paikidze, Nazi"]
[Black "Melekhina, Alisa"]
[Result "1-0"]
[WhiteTitle "IM"]
[BlackTitle "FM"]
[WhiteElo "2333"]
[BlackElo "2235"]
[WhiteFideId "13603620"]
[BlackFideId "2022613"]
[EventDate "2015.04.01"]

1. Nf3 g6 2. g3 c5 3. Bg2 Bg7 4. c4 Nc6 5. Nc3 d6 6. O-O e5 7. d3 Nge7 8. a3 O-O
9. Rb1 a5 10. Bd2 Rb8 11. Ne1 Be6 12. Nc2 d5 13. cxd5 Nxd5 14. Ne4 b6 15. Ng5
Bc8 16. Ne3 Nxe3 17. Bxe3 Nd4 18. b4 cxb4 19. axb4 Bg4 20. f3 Bd7 21. Ne4 axb4
22. Bxd4 exd4 23. Qb3 Re8 24. f4 Bf8 25. Ng5 Be6 26. Nxe6 fxe6 27. f5 gxf5 28.
Rxf5 Rc8 29. Bd5 Qd6 30. Rg5+ Kh8 31. Be4 Rc5 32. Rg4 b5 33. Rf1 Rc3 34. Rf7 Rc7
35. Rf5 Bh6 36. Rxb5 Be3+ 37. Kg2 Qf8 38. Bf3 Rc1 39. Qxb4 Rg1+ 40. Kh3 Qf7 41.
Qd6 Qf6 42. Rb8 Qh6+ 43. Rh4 Qg6 44. Rxe8+ Qxe8 45. Qe5+ Kg8 46. Rg4+ 1-0

[Event "ch-USA w 2015"]
[Site "Saint Louis USA"]
[Date "2015.04.08"]
[Round "7.6"]
[White "Foisor, Sabina-Francesca"]
[Black "Yu, Jennifer R"]
[Result "1/2-1/2"]
[WhiteTitle "WGM"]
[BlackTitle "WFM"]
[WhiteElo "2276"]
[BlackElo "2180"]
[WhiteFideId "1212915"]
[BlackFideId "2078341"]
[EventDate "2015.04.01"]

1. d4 d5 2. c4 c6 3. Nf3 Nf6 4. e3 Bf5 5. cxd5 cxd5 6. Qb3 Qc7 7. Bd2 e6 8. Bb5+
Nc6 9. Bb4 Bd6 10. O-O O-O 11. Bxc6 bxc6 12. Rc1 Rab8 13. Bxd6 Qxd6 14. Qa4 Rxb2
15. Nbd2 Be4 16. Rxc6 Qb8 17. h3 Bxf3 18. Nxf3 Rxf2 19. Kxf2 Qb2+ 20. Kg3 Qxa1
21. Kh2 Qb1 22. Rc3 Qb8+ 23. Ne5 Ne4 24. Rb3 Qc7 25. Qa6 Nc5 26. dxc5 Qxe5+ 27.
Kh1 h6 28. c6 Qa1+ 29. Kh2 Qe5+ 30. Kh1 d4 31. Qxa7 dxe3 32. Rxe3 Qa1+ 33. Kh2
Qc1 34. Rg3 Qxc6 35. Qd4 g6 36. Qf6 Qc7 37. h4 Ra8 38. Kh3 Rxa2 39. Rd3 Ra8 40.
h5 Qc5 41. hxg6 Qh5+ 42. Kg3 Qxg6+ 43. Qxg6+ fxg6 44. Rd7 Ra5 45. Kf4 Rf5+ 46.
Ke4 Rg5 47. Kf3 Rf5+ 48. Ke4 Rf7 49. Rd8+ Kg7 50. Ke5 Re7 51. Rd2 g5 52. g4 Re8
53. Rg2 Kg6 54. Rf2 Re7 55. Ra2 Kg7 56. Ra1 Kg6 57. Rg1 Re8 58. Rf1 Re7 59. Rg1
Kg7 60. Ra1 Kg6 1/2-1/2

[Event "ch-USA w 2015"]
[Site "Saint Louis USA"]
[Date "2015.04.09"]
[Round "8.1"]
[White "Nemcova, Katerina"]
[Black "Foisor, Sabina-Francesca"]
[Result "1/2-1/2"]
[WhiteTitle "WGM"]
[BlackTitle "WGM"]
[WhiteElo "2279"]
[BlackElo "2276"]
[WhiteFideId "322750"]
[BlackFideId "1212915"]
[EventDate "2015.04.01"]

1. e4 c5 2. Nf3 Nc6 3. c3 d5 4. exd5 Qxd5 5. d4 e6 6. Be2 Nf6 7. O-O a6 8. Be3
cxd4 9. Nxd4 e5 10. c4 Qd7 11. Nxc6 Qxc6 12. Nc3 Be6 13. Rc1 Be7 14. Qa4 O-O 15.
Qxc6 bxc6 16. Na4 Nd7 17. Rfd1 f5 18. f3 Rfd8 19. Nb6 Rab8 20. Nxd7 Rxd7 21.
Rxd7 Bxd7 22. Rc2 c5 23. Bd2 Ba4 24. b3 Bc6 25. Bc3 e4 26. Kf2 Kf7 27. Rd2 e3+
28. Kxe3 Bg5+ 29. f4 Re8+ 30. Kf2 Bxf4 31. Rd3 Bxh2 32. Bf3 Bxf3 33. Kxf3 g5 34.
Rd5 Kg6 35. Rxc5 Re6 36. Rd5 Bg1 37. Bd4 g4+ 38. Kg3 Bxd4 39. Rxd4 Kg5 40. Kf2
f4 41. Rd5+ Kh4 42. Rd4 Kg5 43. Rd5+ Kh4 44. Rd4 1/2-1/2

[Event "ch-USA w 2015"]
[Site "Saint Louis USA"]
[Date "2015.04.09"]
[Round "8.2"]
[White "Melekhina, Alisa"]
[Black "Krush, Irina"]
[Result "0-1"]
[WhiteTitle "FM"]
[BlackTitle "GM"]
[WhiteElo "2235"]
[BlackElo "2477"]
[WhiteFideId "2022613"]
[BlackFideId "2012782"]
[EventDate "2015.04.01"]

1. e4 c5 2. c3 Nf6 3. e5 Nd5 4. d4 cxd4 5. cxd4 d6 6. Nf3 Nc6 7. Bc4 e6 8. O-O
Be7 9. Qe2 O-O 10. Nc3 Nxc3 11. bxc3 dxe5 12. dxe5 Qc7 13. Qe4 b6 14. Bg5 Bb7
15. Bd3 g6 16. Bf6 Rfd8 17. Qe3 Rd5 18. Be4 Rc5 19. Rfd1 Rc8 20. Rd3 Ba6 21. Rd2
Nxe5 22. Bxe5 Rxe5 23. Nxe5 Qxe5 24. Qd4 Qg5 25. Rad1 Rc4 26. Qd3 Bb5 27. Rb2
Qc5 28. Bf3 Ba4 29. Re1 Bf6 30. Qe3 Bxc3 31. Rd2 Bxd2 32. Qxd2 Rc2 33. Qd8+ Kg7
34. Qh4 Rc1 35. Qe4 Qc3 36. Rf1 Rxf1+ 37. Kxf1 Bb5+ 0-1

[Event "ch-USA w 2015"]
[Site "Saint Louis USA"]
[Date "2015.04.09"]
[Round "8.3"]
[White "Abrahamyan, Tatev"]
[Black "Paikidze, Nazi"]
[Result "1/2-1/2"]
[WhiteTitle "WGM"]
[BlackTitle "IM"]
[WhiteElo "2322"]
[BlackElo "2333"]
[WhiteFideId "13301918"]
[BlackFideId "13603620"]
[EventDate "2015.04.01"]

1. e4 c6 2. d4 d5 3. Nc3 dxe4 4. Nxe4 Bf5 5. Ng3 Bg6 6. h4 h6 7. Nf3 Nd7 8. h5
Bh7 9. Bd3 Bxd3 10. Qxd3 e6 11. Bd2 a5 12. O-O-O Bb4 13. c3 Be7 14. Qe2 Ngf6 15.
Ne5 O-O 16. f4 Re8 17. Kb1 a4 18. Nf1 a3 19. b3 c5 20. g4 cxd4 21. g5 dxc3 22.
gxf6 c2+ 23. Kxc2 Nxf6 24. Kb1 Rc8 25. Ng3 Nd5 26. Rhe1 Qb6 27. Ne4 f5 28. Nf2
Rc3 29. Nfd3 Rec8 30. Rc1 Rxc1+ 31. Rxc1 Rxc1+ 32. Kxc1 Qg1+ 33. Kc2 Qa1 34. Nc1
Bf6 35. Ned3 Nc7 36. Bb4 Bb2 37. Bd6 Bxc1 38. Nxc1 Qb2+ 39. Kd1 Qd4+ 40. Qd2
Qg1+ 41. Kc2 Nd5 42. Bxa3 Qh1 43. Nd3 Qxh5 44. Bb2 Qf3 45. a4 h5 46. Bd4 h4 47.
Qf2 Qh5 48. Qg1 Qf7 49. Kb2 Nf6 50. Qg5 h3 51. Nf2 h2 52. Qh4 Qd7 53. Bxf6 Qd2+
54. Ka3 Qd6+ 55. b4 gxf6 56. Qxh2 Qd4 57. Qg3+ Kh8 58. Nd3 Qc3+ 59. Ka2 b6 60.
Qe3 Kh7 61. Qe2 Kg6 62. Qd1 e5 63. Qg1+ Kf7 64. Qd1 Kg6 65. Qg1+ Kf7 66. Qd1 Kg6
67. Qg1+ 1/2-1/2

[Event "ch-USA w 2015"]
[Site "Saint Louis USA"]
[Date "2015.04.09"]
[Round "8.4"]
[White "Wang, Annie"]
[Black "Goletiani, Rusudan"]
[Result "0-1"]
[WhiteTitle "WIM"]
[BlackTitle "IM"]
[WhiteElo "1901"]
[BlackElo "2311"]
[WhiteFideId "2053900"]
[BlackFideId "13601105"]
[EventDate "2015.04.01"]

1. d4 Nf6 2. c4 e6 3. Nc3 Bb4 4. Qc2 d6 5. Nf3 Nbd7 6. g3 b6 7. Bg2 Bb7 8. O-O
O-O 9. b3 c5 10. Bb2 cxd4 11. Nxd4 Bxg2 12. Kxg2 Rc8 13. Ncb5 a6 14. Na3 d5 15.
Qd1 Qe7 16. Ndc2 Bd6 17. cxd5 exd5 18. Rc1 Rfe8 19. Re1 h5 20. h4 Ne5 21. Nb1
Neg4 22. Qd3 Ne4 23. Rf1 Nxg3 24. Nd4 Nxf1 25. Nf5 Qd7 26. Rxf1 Be5 27. Ba3 g6
28. Ng3 Qd8 29. Rh1 Qf6 30. Qf3 Rc2 31. Qxf6 Bxf6 32. Rd1 d4 33. Rd2 Rxd2 34.
Nxd2 Bxh4 35. Nde4 Bxg3 36. Nxg3 h4 37. Nh1 Rxe2 0-1

[Event "ch-USA w 2015"]
[Site "Saint Louis USA"]
[Date "2015.04.09"]
[Round "8.5"]
[White "Virkud, Apurva"]
[Black "Sharevich, Anna"]
[Result "1/2-1/2"]
[WhiteTitle "WCM"]
[BlackTitle "WGM"]
[WhiteElo "2132"]
[BlackElo "2267"]
[WhiteFideId "2050820"]
[BlackFideId "13503189"]
[EventDate "2015.04.01"]

1. d4 d5 2. c4 e6 3. Nc3 Nf6 4. cxd5 exd5 5. Bg5 Be7 6. e3 Nbd7 7. Bd3 h6 8. Bh4
a6 9. Nge2 c6 10. O-O O-O 11. f3 Re8 12. Bg3 c5 13. Rc1 Bf8 14. Qd2 b5 15. b3
Bb7 16. Bb1 Rc8 17. Nf4 cxd4 18. exd4 Ba3 19. Rc2 Qb6 20. Kh1 Nf8 21. Rd1 Rcd8
22. Nd3 Bd6 23. Bxd6 Qxd6 24. Nc5 Bc8 25. Rcc1 Ne6 26. Ne2 Nh5 27. Qd3 Ng5 28.
Qd2 Qf6 29. Ng1 Ne6 30. Nxe6 Bxe6 31. Ne2 Bh3 32. Ng3 Nxg3+ 33. hxg3 Bf5 34.
Bxf5 Qxf5 35. Rc5 Re7 36. Qc2 Qh5+ 37. Kg1 Qg5 38. Rc8 Ree8 39. Rxd8 Rxd8 40.
Qf2 Rc8 41. Re1 Qg6 42. g4 Qd3 43. Qe3 Qc2 44. Re2 Qb1+ 45. Kh2 Qg6 1/2-1/2

[Event "ch-USA w 2015"]
[Site "Saint Louis USA"]
[Date "2015.04.09"]
[Round "8.6"]
[White "Yu, Jennifer R"]
[Black "Ni, Viktorija"]
[Result "0-1"]
[WhiteTitle "WFM"]
[BlackTitle "WIM"]
[WhiteElo "2180"]
[BlackElo "2188"]
[WhiteFideId "2078341"]
[BlackFideId "11602252"]
[EventDate "2015.04.01"]

1. c4 e5 2. Nc3 Nf6 3. Nf3 Nc6 4. g3 Nd4 5. Bg2 Nxf3+ 6. Bxf3 Bc5 7. O-O O-O 8.
e3 d6 9. Na4 Bh3 10. Re1 e4 11. Bh1 Qd7 12. b3 Qf5 13. f3 Rfe8 14. Nxc5 dxc5 15.
Bb2 Rad8 16. Bxf6 Qxf6 17. fxe4 Rd3 18. Qh5 Rxd2 19. Qf3 Red8 20. Qxf6 gxf6 21.
Bf3 Rb2 22. Re2 Rdd2 23. Rxd2 Rxd2 24. g4 Kg7 25. Rd1 Rxa2 26. Rd5 c6 27. Rxc5
Rb2 28. Rh5 Rb1+ 29. Kf2 Bf1 30. Ra5 a6 31. Ra4 Bd3 32. Rb4 b5 33. c5 Bc4 34. e5
a5 35. Bxc6 axb4 36. bxc4 bxc4 37. Be4 Ra1 38. c6 Ra5 39. Ke2 fxe5 40. Bf5 Rc5
41. Be4 b3 42. Kd2 c3+ 43. Kc1 c2 0-1

[Event "ch-USA w 2015"]
[Site "Saint Louis USA"]
[Date "2015.04.10"]
[Round "9.1"]
[White "Ni, Viktorija"]
[Black "Nemcova, Katerina"]
[Result "1/2-1/2"]
[WhiteTitle "WIM"]
[BlackTitle "WGM"]
[WhiteElo "2188"]
[BlackElo "2279"]
[WhiteFideId "11602252"]
[BlackFideId "322750"]
[EventDate "2015.04.01"]

1. c4 e5 2. Nc3 Nf6 3. Nf3 Nc6 4. a3 g6 5. d3 Bg7 6. Bg5 h6 7. Bxf6 Bxf6 8. g3
O-O 9. Bg2 Bg7 10. O-O d6 11. Rb1 a5 12. b4 axb4 13. axb4 Be6 14. Nd5 Qd7 15.
Nd2 Ra2 16. b5 Nd8 17. Nb3 c6 18. Nb4 Ra8 19. bxc6 bxc6 20. Qd2 Bh3 21. Rfd1
Bxg2 22. Kxg2 f5 23. c5 d5 24. d4 e4 25. f4 exf3+ 26. exf3 f4 27. g4 Ne6 28. Re1
Ra3 29. Nc2 Raa8 30. Qd3 Qf7 31. Re2 h5 32. h3 hxg4 33. hxg4 Rae8 34. Rbe1 Bf6
35. Nb4 Nd8 36. Rxe8 Rxe8 37. Rxe8+ Qxe8 38. Qd2 Ne6 39. Na5 Nxd4 40. Naxc6 Nxc6
41. Qxd5+ Kg7 42. Nxc6 Qe2+ 43. Kg1 Qe1+ 44. Kg2 Qe2+ 45. Kg1 Qe1+ 1/2-1/2

[Event "ch-USA w 2015"]
[Site "Saint Louis USA"]
[Date "2015.04.10"]
[Round "9.2"]
[White "Krush, Irina"]
[Black "Abrahamyan, Tatev"]
[Result "1-0"]
[WhiteTitle "GM"]
[BlackTitle "WGM"]
[WhiteElo "2477"]
[BlackElo "2322"]
[WhiteFideId "2012782"]
[BlackFideId "13301918"]
[EventDate "2015.04.01"]

1. d4 Nf6 2. c4 e6 3. Nc3 Bb4 4. Qc2 O-O 5. Nf3 c5 6. dxc5 Na6 7. g3 Nxc5 8. Bg2
b6 9. O-O Bb7 10. Nb5 Be4 11. Qd1 a6 12. Nd6 Bc6 13. Bg5 Nce4 14. Nxe4 Bxe4 15.
Ne5 Bxg2 16. Kxg2 Ra7 17. Bxf6 gxf6 18. Nd3 Be7 19. e4 Rc7 20. Qb3 Qb8 21. a4
Rfc8 22. Rac1 Rc6 23. Rfd1 Qc7 24. Nf4 Rxc4 25. Rxd7 Qxd7 26. Rxc4 Rxc4 27. Qxc4
b5 28. axb5 axb5 29. Qd3 Qc6 30. f3 b4 31. Kh3 Qc1 32. Qd7 Bf8 33. Qd8 Qxb2 34.
Nh5 b3 35. Nxf6+ Kg7 36. Nd7 Qa3 37. Qg5+ Kh8 38. Qe5+ Kg8 39. Nf6+ Kh8 40. Qh5 1-0

[Event "ch-USA w 2015"]
[Site "Saint Louis USA"]
[Date "2015.04.10"]
[Round "9.3"]
[White "Goletiani, Rusudan"]
[Black "Melekhina, Alisa"]
[Result "1/2-1/2"]
[WhiteTitle "IM"]
[BlackTitle "FM"]
[WhiteElo "2311"]
[BlackElo "2235"]
[WhiteFideId "13601105"]
[BlackFideId "2022613"]
[EventDate "2015.04.01"]

1. Nf3 g6 2. c4 c5 3. d4 cxd4 4. Nxd4 Bg7 5. e4 Nc6 6. Be3 Nf6 7. Nc3 Ng4 8.
Qxg4 Nxd4 9. Qd1 e5 10. Bd3 O-O 11. O-O d6 12. Rc1 Be6 13. b3 f5 14. Bxd4 exd4
15. exf5 Bxf5 16. Bxf5 dxc3 17. Be4 Rb8 18. Qd5+ Kh8 19. Rcd1 Qb6 20. h4 Rbe8
21. Bf3 Rf4 22. Rfe1 Ref8 23. Re4 Rxe4 24. Qxe4 Qa5 25. Qc2 Qe5 26. Bxb7 Qe7 27.
Qe4 Qf7 28. Qf3 Qe7 29. Qe4 Qf7 30. Qf3 Qe7 31. Qe4 1/2-1/2

[Event "ch-USA w 2015"]
[Site "Saint Louis USA"]
[Date "2015.04.10"]
[Round "9.4"]
[White "Paikidze, Nazi"]
[Black "Yu, Jennifer R"]
[Result "1-0"]
[WhiteTitle "IM"]
[BlackTitle "WFM"]
[WhiteElo "2333"]
[BlackElo "2180"]
[WhiteFideId "13603620"]
[BlackFideId "2078341"]
[EventDate "2015.04.01"]

1. d4 d5 2. c4 c6 3. Nc3 Nf6 4. e3 Bf5 5. Nf3 e6 6. Nh4 Be4 7. f3 Bg6 8. Qb3 Qc7
9. Bd2 Be7 10. Nxg6 hxg6 11. cxd5 exd5 12. g3 Bd6 13. O-O-O Bxg3 14. e4 dxe4 15.
fxe4 Bh4 16. Kb1 Nbd7 17. e5 Ng4 18. Ne4 O-O 19. Qh3 Bf2 20. Bc3 c5 21. Qxg4
Bxd4 22. e6 Ne5 23. Qh3 Qe7 24. exf7+ Rxf7 25. Bg2 Raf8 26. Bxd4 cxd4 27. Qb3
Kh8 28. Rxd4 Nf3 29. Bxf3 Rxf3 30. Qc4 Re3 31. a3 b5 32. Qd5 Rf5 33. Qd8+ Qxd8
34. Rxd8+ Kh7 35. Nc3 Rf2 36. Nd1 1-0

[Event "ch-USA w 2015"]
[Site "Saint Louis USA"]
[Date "2015.04.10"]
[Round "9.5"]
[White "Foisor, Sabina-Francesca"]
[Black "Virkud, Apurva"]
[Result "1-0"]
[WhiteTitle "WGM"]
[BlackTitle "WCM"]
[WhiteElo "2276"]
[BlackElo "2132"]
[WhiteFideId "1212915"]
[BlackFideId "2050820"]
[EventDate "2015.04.01"]

1. d4 d5 2. c4 e6 3. Nc3 Nf6 4. Nf3 Be7 5. Bf4 O-O 6. Qc2 c5 7. dxc5 dxc4 8. e3
Bxc5 9. Bxc4 Nc6 10. a3 a6 11. Rd1 Bd7 12. Ba2 Be7 13. O-O b5 14. Bb1 Qc8 15. e4
g6 16. e5 Nh5 17. Bh6 Rd8 18. Ne4 Na5 19. Qe2 Nc4 20. g4 Ng7 21. Bg5 Bxg5 22.
Nfxg5 h6 23. b3 hxg5 24. bxc4 Bc6 25. Nf6+ Kf8 26. Qe3 Bb7 27. Rxd8+ Qxd8 28.
cxb5 axb5 29. Qc5+ Qe7 30. Nh7+ Ke8 31. Qxb5+ Kd8 32. Rd1+ Kc8 33. Nf6 Qxa3 34.
Qc4+ Kb8 35. Nd7+ Ka7 36. Qd4+ 1-0

[Event "ch-USA w 2015"]
[Site "Saint Louis USA"]
[Date "2015.04.10"]
[Round "9.6"]
[White "Sharevich, Anna"]
[Black "Wang, Annie"]
[Result "1/2-1/2"]
[WhiteTitle "WGM"]
[BlackTitle "WIM"]
[WhiteElo "2267"]
[BlackElo "1901"]
[WhiteFideId "13503189"]
[BlackFideId "2053900"]
[EventDate "2015.04.01"]

1. d4 Nf6 2. c4 e6 3. Nf3 Bb4+ 4. Bd2 Qe7 5. g3 b6 6. Bg2 Bb7 7. O-O Bxd2 8.
Nbxd2 d6 9. Qc2 Nbd7 10. e4 e5 11. b4 O-O 12. d5 c6 13. Nh4 g6 14. Qd3 cxd5 15.
cxd5 Rfc8 16. Rfc1 Qd8 17. a4 a5 18. b5 Rxc1+ 19. Rxc1 Nc5 20. Qa3 Rc8 21. Rf1
Nh5 22. Qa2 Nd3 23. Qa3 Nc5 24. Bh3 Rc7 25. Ng2 Bc8 26. Bxc8 Rxc8 27. Ne3 Nf6
28. f3 Nfd7 29. Kg2 Qe7 30. h4 Rf8 31. Qc3 Qd8 32. Qc2 Qf6 33. Ng4 Qe7 34. Nc4
Kh8 35. Nge3 Rb8 36. h5 Qg5 37. h6 Qxh6 38. Ng4 Qf8 39. f4 h5 40. Nge3 Qe7 41.
fxe5 Nxe5 42. Nxe5 dxe5 43. Nc4 Kg8 44. Rd1 Qg5 45. Nxb6 Qg4 46. Re1 Rxb6 47.
Qxc5 Rf6 48. Qe3 h4 49. b6 h3+ 50. Kh2 Rf3 51. Qg1 Rb3 52. Qf2 Rf3 53. Qg1 Rb3
54. Qf2 Kg7 55. Rf1 f5 56. exf5 gxf5 57. b7 Rxb7 58. Qxf5 Rb2+ 59. Kh1 Qxf5 60.
Rxf5 e4 61. Re5 Rg2 62. Rxe4 Rxg3 63. Rd4 Kf7 64. d6 Ke8 65. Rd5 Kd7 66. Rxa5
Kxd6 67. Kh2 Ra3 68. Ra8 Kc7 69. a5 Kb7 70. Rh8 Rxa5 1/2-1/2

[Event "ch-USA w 2015"]
[Site "Saint Louis USA"]
[Date "2015.04.11"]
[Round "10.1"]
[White "Nemcova, Katerina"]
[Black "Paikidze, Nazi"]
[Result "0-1"]
[WhiteTitle "WGM"]
[BlackTitle "IM"]
[WhiteElo "2279"]
[BlackElo "2333"]
[WhiteFideId "322750"]
[BlackFideId "13603620"]
[EventDate "2015.04.01"]

1. e4 c6 2. d4 d5 3. Nd2 dxe4 4. Nxe4 Bf5 5. Ng3 Bg6 6. Nh3 Nf6 7. Bc4 e6 8. O-O
Be7 9. f4 Qd7 10. Kh1 O-O 11. Be3 c5 12. f5 Bxf5 13. Nxf5 exf5 14. dxc5 Ng4 15.
Bg1 g6 16. Bd5 Qc7 17. b4 Nc6 18. Rb1 Rad8 19. c4 b6 20. Nf4 bxc5 21. bxc5 Rb8
22. Rxb8 Nxb8 23. h3 Ne5 24. Re1 Bh4 25. Re2 Nbc6 26. Bxc6 Nxc6 27. Qd6 Qc8 28.
Nd5 Re8 29. Rxe8+ Qxe8 30. Nc7 Qe4 31. Qd5 Bg3 32. Nb5 Qe1 33. Nd6 Ne5 34. Qa8+
Kg7 35. Ne8+ Kh6 36. Nf6 Bf2 37. Qf8+ Kg5 38. Nxh7+ Kf4 39. Qh6+ Ke4 40. Ng5+
Kd3 0-1

[Event "ch-USA w 2015"]
[Site "Saint Louis USA"]
[Date "2015.04.11"]
[Round "10.2"]
[White "Yu, Jennifer R"]
[Black "Krush, Irina"]
[Result "0-1"]
[WhiteTitle "WFM"]
[BlackTitle "GM"]
[WhiteElo "2180"]
[BlackElo "2477"]
[WhiteFideId "2078341"]
[BlackFideId "2012782"]
[EventDate "2015.04.01"]

1. c4 e5 2. Nc3 Nf6 3. Nf3 Nc6 4. g3 g6 5. Bg2 Bg7 6. O-O O-O 7. d3 d6 8. Rb1 a6
9. b4 Nd4 10. a4 Bg4 11. e3 Nxf3+ 12. Bxf3 Bxf3 13. Qxf3 c6 14. d4 Re8 15. d5 e4
16. Qd1 Qd7 17. Kg2 Ng4 18. Bb2 Qf5 19. dxc6 bxc6 20. Na2 Bxb2 21. Rxb2 Ne5 22.
Rc2 Nd3 23. Qe2 Rab8 24. Rb1 Re6 25. Kg1 Rf6 26. Rd2 Ne5 27. Kg2 Nf3 28. Rdb2
Ng5 29. Kh1 Qh3 30. Qf1 Qg4 31. Nc3 Nf3 32. b5 g5 33. bxa6 Rxb2 34. Rxb2 Rh6 35.
Qg2 Qh3 36. Qxh3 Rxh3 37. Kg2 Rxh2+ 38. Kf1 Rh1+ 39. Kg2 Rg1+ 40. Kh3 h5 0-1

[Event "ch-USA w 2015"]
[Site "Saint Louis USA"]
[Date "2015.04.11"]
[Round "10.3"]
[White "Abrahamyan, Tatev"]
[Black "Goletiani, Rusudan"]
[Result "1-0"]
[WhiteTitle "WGM"]
[BlackTitle "IM"]
[WhiteElo "2322"]
[BlackElo "2311"]
[WhiteFideId "13301918"]
[BlackFideId "13601105"]
[EventDate "2015.04.01"]

1. e4 c5 2. Nf3 Nc6 3. d4 cxd4 4. Nxd4 Qb6 5. Nb3 Nf6 6. Nc3 e6 7. Be3 Qc7 8.
Bd3 d6 9. O-O a6 10. a4 b6 11. f4 Be7 12. Qf3 Bb7 13. Qh3 Nb4 14. Nd4 O-O 15. g4
d5 16. e5 Ne4 17. Nce2 Bc5 18. Rf3 Qe7 19. g5 Rac8 20. Qg4 g6 21. h4 h5 22. gxh6
Kh7 23. Kh2 Rg8 24. Rg1 Bxd4 25. Nxd4 Nxd3 26. cxd3 Nc5 27. Bf2 Nxa4 28. b3 Nc3
29. Rfg3 a5 30. h5 b5 31. R3g2 Rce8 32. Nf3 d4 33. Ng5+ Kh8 34. Nxf7+ Qxf7 35.
hxg6 Qf5 36. Qxf5 exf5 37. Bh4 Nd5 38. Bf6+ Nxf6 39. exf6 Bxg2 40. Rxg2 Rxg6 41.
Rxg6 a4 42. bxa4 bxa4 43. Kh3 Kh7 44. f7 Rf8 45. Rf6 a3 46. Kh4 a2 47. Ra6 a1=Q
48. Rxa1 Kxh6 49. Ra6+ Kg7 50. Kg5 Rxf7 51. Rg6+ Kh7 52. Rd6 Kg7 53. Rxd4 Kh7
54. Rd6 Kg7 55. d4 Kh7 56. d5 Kg7 57. Rg6+ Kh7 58. d6 Ra7 59. Re6 Kg8 60. Re7
Ra8 61. Kxf5 Kf8 62. Ke6 Ra4 63. Rf7+ Kg8 64. Rf5 Re4+ 65. Re5 Rd4 66. d7 Kf8
67. Rf5+ 1-0

[Event "ch-USA w 2015"]
[Site "Saint Louis USA"]
[Date "2015.04.11"]
[Round "10.4"]
[White "Foisor, Sabina-Francesca"]
[Black "Ni, Viktorija"]
[Result "0-1"]
[WhiteTitle "WGM"]
[BlackTitle "WIM"]
[WhiteElo "2276"]
[BlackElo "2188"]
[WhiteFideId "1212915"]
[BlackFideId "11602252"]
[EventDate "2015.04.01"]

1. d4 Nf6 2. c4 c5 3. d5 e5 4. Nc3 d6 5. e4 Be7 6. Be2 Nbd7 7. Be3 O-O 8. h4 Ne8
9. g3 a6 10. a3 Rb8 11. b4 b6 12. Rb1 Qc7 13. Qd2 Ndf6 14. f3 Nh5 15. Bf2 g6 16.
Rb3 Neg7 17. Bd3 Bd7 18. Nge2 f5 19. exf5 gxf5 20. Rg1 Rbe8 21. g4 Nf4 22. Nxf4
exf4 23. Kd1 Bf6 24. Qxf4 Be5 25. Qd2 Bd4 26. g5 f4 27. Be4 Nf5 28. Bxf5 Bxf5
29. Bxd4 cxd4 30. Qxd4 Re3 31. Kc1 Qg7 32. Qxg7+ Kxg7 33. Kb2 Rc8 34. Rg2 Rxf3
35. Nd1 Rf1 36. Rd2 Rxc4 37. Rc3 Rxc3 38. Kxc3 Rf3+ 39. Kb2 Rh3 40. b5 axb5 41.
Nc3 Bd3 42. h5 Rg3 43. Kb3 Bc4+ 44. Kb4 f3 45. Ne4 Rh3 46. Rf2 Rxh5 47. Nxd6
Bxd5 48. Ne8+ Kg6 49. Nf6 Rh4+ 50. Kxb5 Bc4+ 51. Kxb6 Be2 52. Nd5 Kxg5 53. Nc3
Kf4 54. Nxe2+ Ke3 55. Rxf3+ Kxf3 56. Nc3 Rc4 57. Nd5 Ra4 58. Nf6 h6 59. Kc5 Rxa3
60. Kd5 h5 0-1

[Event "ch-USA w 2015"]
[Site "Saint Louis USA"]
[Date "2015.04.11"]
[Round "10.5"]
[White "Melekhina, Alisa"]
[Black "Sharevich, Anna"]
[Result "0-1"]
[WhiteTitle "FM"]
[BlackTitle "WGM"]
[WhiteElo "2235"]
[BlackElo "2267"]
[WhiteFideId "2022613"]
[BlackFideId "13503189"]
[EventDate "2015.04.01"]

1. e4 c5 2. Nc3 a6 3. g3 b5 4. Bg2 Bb7 5. d3 e6 6. f4 Qb6 7. Nf3 Nc6 8. Be3 Nd4
9. O-O d6 10. Ne2 Nxf3+ 11. Bxf3 Nf6 12. g4 Be7 13. Ng3 Qc7 14. c3 Nd7 15. Nh5
Bf8 16. a4 g6 17. Ng3 Bg7 18. axb5 axb5 19. Rxa8+ Bxa8 20. f5 O-O 21. Bg2 d5 22.
Qd2 dxe4 23. Nxe4 exf5 24. gxf5 Be5 25. Bf4 Bxe4 26. Bxe4 Nf6 27. Bg2 Nh5 28.
Bxe5 Qxe5 29. d4 cxd4 30. cxd4 Qd6 31. d5 Ng7 32. f6 Nh5 33. Qc3 Qb6+ 34. Kh1
Qd6 35. Qc6 Qe5 36. Qxb5 Nxf6 37. Qb4 Rb8 38. Qf4 Qxf4 39. Rxf4 Rb6 40. b4 Kf8
41. Kg1 Ke7 42. Kf2 Nd7 43. Ke3 f5 44. Rh4 Kd6 45. Kd3 Nf6 46. Rc4 Nxd5 47. Bxd5
Kxd5 48. Rd4+ Ke5 49. Rh4 f4 50. Rxh7 Rxb4 51. h4 Kf5 52. Rf7+ Ke5 53. Re7+ Kf6
54. Ra7 Kf5 55. Ra5+ Kg4 56. Rg5+ Kf3 57. Rxg6 Kf2 58. h5 f3 59. h6 Rh4 60. Rf6
Rh3 61. Ke4 Ke2 62. Kf4 f2 63. Kg5 Rg3+ 64. Kh5 Rf3 65. Re6+ Kd3 66. Rd6+ Ke4
67. Rd1 Kf5 68. Rd5+ Kf6 69. Rd6+ Ke7 70. Rd1 f1=Q 71. Rxf1 Rxf1 72. Kg6 Rg1+
73. Kh7 Kf7 74. Kh8 Kg6 75. h7 Ra1 0-1

[Event "ch-USA w 2015"]
[Site "Saint Louis USA"]
[Date "2015.04.11"]
[Round "10.6"]
[White "Virkud, Apurva"]
[Black "Wang, Annie"]
[Result "1/2-1/2"]
[WhiteTitle "WCM"]
[BlackTitle "WIM"]
[WhiteElo "2132"]
[BlackElo "1901"]
[WhiteFideId "2050820"]
[BlackFideId "2053900"]
[EventDate "2015.04.01"]

1. d4 Nf6 2. c4 e6 3. Nc3 Bb4 4. Qc2 O-O 5. a3 Bxc3+ 6. Qxc3 b6 7. f3 d5 8. Bg5
h6 9. Bh4 Bb7 10. e3 Nbd7 11. Bd3 c5 12. Ne2 Rc8 13. O-O cxd4 14. Qxd4 Nc5 15.
cxd5 e5 16. Qc3 Nxd5 17. Bh7+ Kh8 18. Bxd8 Nxc3 19. Nxc3 Rcxd8 20. Bc2 Rd2 21.
Rac1 Rfd8 22. Rfd1 g6 23. b4 Ne6 24. Bb3 Rxd1+ 25. Rxd1 Rxd1+ 26. Nxd1 Nd8 27.
Nc3 Kg7 28. Nb5 a6 29. Nc7 Kf8 30. Bd5 a5 31. Kf2 axb4 32. axb4 Bc8 33. b5 Bd7
34. Bc4 Nb7 35. Nd5 Nd6 36. Nxb6 Be8 37. Bd3 Nxb5 38. Nc4 f6 39. Nb6 Nc7 40. Nc8
Bd7 41. Nd6 Ke7 42. Nc4 Be8 43. f4 exf4 44. exf4 Nd5 45. g3 Ke6 46. Ne3 Nxe3 1/2-1/2

[Event "ch-USA w 2015"]
[Site "Saint Louis USA"]
[Date "2015.04.12"]
[Round "11.1"]
[White "Krush, Irina"]
[Black "Nemcova, Katerina"]
[Result "1/2-1/2"]
[WhiteTitle "GM"]
[BlackTitle "WGM"]
[WhiteElo "2477"]
[BlackElo "2279"]
[WhiteFideId "2012782"]
[BlackFideId "322750"]
[EventDate "2015.04.01"]

1. c4 e5 2. Nc3 Nf6 3. g3 d5 4. cxd5 Nxd5 5. Bg2 Nb6 6. Nf3 Nc6 7. O-O Be7 8. a3
O-O 9. d3 Be6 10. Be3 Nd5 11. Nxd5 Bxd5 12. Rc1 Bd6 13. Qa4 a6 14. Ng5 Bxg2 15.
Kxg2 Nd4 16. Bxd4 Qxg5 17. Bc5 Qe7 18. Qb4 Rac8 19. Bxd6 cxd6 20. Rc3 Rxc3 21.
Qxc3 f5 22. Qc4+ Qf7 23. Rc1 Qxc4 24. Rxc4 Rf7 25. Rc8+ Rf8 26. Rc7 Rf7 27. Rc8+
Rf8 28. Rc7 Rf7 1/2-1/2